Districts of Essex - Statistics

General Stats
  • This quiz has been taken 132 times
    86 since last reset
  • The average score is 9 of 14
Answer Stats
Status Answer % Correct
City City of Colchester
98%
City City of Chelmsford
93%
City and Unitary Authority City of Southend on Sea
91%
District Basildon
82%
District Braintree
67%
District Brentwood
67%
Unitary Authority Thurrock
67%
District Harlow
61%
District Maldon
58%
District Tendring
54%
District Castle Point
53%
District Epping Forest
51%
District Rochford
51%
District Uttlesford
46%
No matching quizzes found
Score Distribution
Percent of People with Each Score
Percentile by Number Answered
Your Score History
You have not taken this quiz since the last reset